[Event "Pan-Am Intercollegiate Championship"]
[Site "Chess.com"]
[Date "2021.01.06"]
[Round "7.2"]
[White "Pinisetti, Prateek"]
[Black "Whale, Nicholas"]
[Result "1-0"]
[WhiteElo "2179"]
[BlackElo "2065"]
[Annotator "Nicholas Whale"]
[PlyCount "135"]
[EventDate "2021.01.04"]
[EventRounds "9"]

{[%evp 0,135,22,31,62,44,44,22,30,36,36,47,50,43,40,5,7,-7,24,7,5,14,14,-8,-8,
-7,-24,-25,-22,-23,-16,5,33,0,-1,-1,1,11,25,-20,60,67,74,74,67,101,102,78,84,
73,128,128,128,111,123,151,151,63,76,58,66,85,85,85,85,76,80,91,109,105,105,83,
84,84,130,115,92,144,105,0,147,175,203,203,251,197,306,335,320,335,599,607,608,
608,608,612,607,613,612,612,613,613,613,613,686,681,732,972,992,1002,27744,962,
1032,962,1012,952,1032,1032,29985,29986,29991,29990,29993,29992,29993,29992,
29993,29992,29993,29994,29995,29992,29993,29994,29995,29996,29997,29998]} 1. e4
c5 2. Nf3 Nc6 3. d4 cxd4 4. Nxd4 Nf6 5. Nc3 e5 6. Ndb5 d6 7. Bg5 a6 8. Na3 b5
9. Bxf6 gxf6 10. Nd5 f5 11. g3 $5 {An unusual move, which I had never faced
before.} (11. Bd3 {is the most common continuation.}) 11... fxe4 {I vaguely
remembered that taking the pawn was recommended in my Sveshnikov book, but
nothing else.} 12. Bg2 Bg7 13. O-O O-O {With my king still in the center,
hanging onto the pawn seemed like a bad idea.} 14. Bxe4 Be6 15. c3 f5 16. Bg2
Rc8 17. Nc2 {This is still pretty even, and so I just decided to play for a
draw, figuring that the bottom boards had what seemed to be pretty favorable
positions. Unfortunately, sometimes playing it safe can, ironically, be more
dangerous.} Ne7 $6 (17... a5 {is best, taking advantage of White's last move
removing the attack on b5.}) 18. a4 $1 {A thematic and strong retort, and
suddenly I wasn't happy with my position anymore.} Rc5 19. Ncb4 Nxd5 $2 (19...
e4 $1 {was essential, to shut out the bishop and thus encourage White to be
the one initiating the exchange, and would be more or less ok for me. After
the text it's borderline lost; the d5-square is an outpost forever, and White
puts it to very good use.}) 20. Bxd5 Bxd5 21. Nxd5 {This knight actually never
moves again in the whole game, but clearly it doesn't need to.} Kh8 22. axb5 $2
(22. b4 $1 {to drive the rook away is much better.}) 22... axb5 $2 {An
automatic, but incorrect, premove.} ({Better} 22... Rxb5 $1 {when at least I
can attack something.}) 23. b4 $1 Rc4 24. Qh5 {Uh-oh.} f4 {Desperately looking
for something, anything...} 25. Ra7 $1 fxg3 $2 26. hxg3 Qe8 27. Qxe8 Rxe8 {
An unsurprisingly awful endgame, but there's no immediate knockout.} 28. Rfa1
e4 $5 {The best try. Apparently this came as quite a surprise for my opponent,
as he thought for five minutes, leaving himself with only about 30 seconds
left, and then made a bad move...} 29. Ra8 $2 ({After the calm} 29. R1a3 $1 {
I have nothing.}) 29... Rcc8 $1 ({Maybe he was hoping for} 29... Rxa8 $4 30.
Rxa8+ Bf8 31. Rxf8+ {$2}) 30. Rxc8 Rxc8 {Taking off one pair of rooks makes
things much more manageable, since I no longer have to worry so much about
seventh ranks invasions or back rank mates. But, some caution is still
required...} 31. Kf1 Be5 32. Ke2 Rf8 33. Ra5 Rf3 34. Rxb5 Bxc3 {Trading pawns
is good.} 35. Rb8+ Kg7 36. Re8 Bd4 37. Rxe4 Rxf2+ 38. Kd3 ({I momentarily
thought that I had just dropped a piece if he played} 38. Ke1 {but luckily I
have} Ba7 39. Re7+ Rf7) 38... Be5 39. g4 Kg6 40. b5 {The critical position; I
have two minutes vs. twenty seconds, and all that's left to do is stop that
pawn and the game would be a draw. This would be enough to win the match,
since we won on the bottom two boards. I thought for nearly one precious
minute, only to play a horrible move:} Rf8 $4 {This throws away all of the
hard work done to get back into the game. Rooks belong behind passed pawns...}
(40... Rb2 $1 {The move I was afraid of was} 41. Rb4 {but my opponent pointed
out that this can be simply met with} Rxb4 42. Nxb4 d5 $1 {, sacrificing a
pawn to allow the bishop to cover b8, after which White won't be able to force
the b-pawn through while still hanging on to his g-pawn.}) 41. b6 Kg5 42. Kc4
Rc8+ 43. Kb5 $1 Rc5+ {With each of us now down to about ten seconds, I
miscalculated a tactic, but my position is lost in any case.} 44. Ka6 Rxd5 45.
b7 Rd1 46. b8=Q Ra1+ 47. Kb5 Rb1+ 48. Rb4 {Oops. I played on in the hope of a
flagging, but it was not to be.} Rxb4+ 49. Kxb4 Kxg4 50. Qg8+ Kf5 51. Qxh7+ Kf4
52. Kc4 Kf3 53. Kd3 Kf4 54. Qe4+ Kg5 55. Ke3 Kf6 56. Kf3 Ke6 57. Kg4 Kf6 58.
Qd5 Kg6 59. Qe6+ Kg7 60. Kg5 Kh7 61. Qf7+ Bg7 62. Kh5 d5 63. Qxd5 Bf6 64. Qf7+
Bg7 65. Qg6+ Kg8 66. Qf5 Bf8 67. Kg6 Bg7 68. Qf7+ 1-0

[Event "Pan-Am Intercollegiate Championship"]
[Site "Chess.com"]
[Date "2021.01.06"]
[Round "7.3"]
[White "Ng, Kelvin"]
[Black "Toliver, James"]
[Result "1-0"]
[WhiteElo "1937"]
[BlackElo "2088"]
[PlyCount "109"]
[EventDate "2021.01.04"]
[EventRounds "9"]

{[%evp 0,109,23,19,44,44,75,70,60,33,27,36,36,35,23,-42,-30,-28,-49,-30,0,-28,
26,-20,27,13,23,28,86,86,49,66,70,50,50,55,62,63,125,131,146,107,196,187,165,
159,169,164,245,123,264,190,294,334,379,337,337,214,184,234,222,230,230,162,
174,158,312,285,433,433,409,440,436,384,669,588,588,620,614,616,662,526,618,
478,534,494,648,665,692,196,605,618,752,752,770,796,814,887,900,737,819,863,
1188,869,905,855,911,928,1171,1249,1572,1621]} 1. e4 c5 2. Nf3 d6 3. d4 cxd4 4.
Nxd4 Nf6 5. Nc3 Nc6 6. f3 e5 7. Ndb5 a6 8. Na3 b5 9. Nd5 Nxd5 10. exd5 Nb8 11.
Be3 Be7 12. Qd2 Nd7 13. c4 b4 14. Qxb4 Rb8 15. Qd2 f5 16. Bd3 Bh4+ 17. g3 f4
18. Bf2 fxg3 19. hxg3 Bg5 20. Qc3 e4 21. Bxe4 Bf6 22. Bd4 Bxd4 23. Qxd4 Qa5+
24. Kf2 Ne5 25. Rab1 Rf8 26. Rxh7 Qd8 27. Kg2 Qg5 28. f4 Rxf4 29. Qe3 Rg4 30.
Qxg5 Rxg5 31. Rh8+ Ke7 32. b3 Rg4 33. Re1 Ra8 34. Bf5 Bxf5 35. Rxa8 Be4+ 36.
Kh3 Nf3 37. Re3 Ne5 38. Rxa6 Bf5 39. Kg2 Rd4 40. Re2 Bd3 41. Rf2 Be4+ 42. Kh3
Rd1 43. Ra7+ Ke8 44. g4 Rh1+ 45. Rh2 Rf1 46. Nb5 Rf3+ 47. Kh4 Rf6 48. Re2 Bf3
49. Re3 Kf8 50. Nxd6 Ng6+ 51. Kg3 Rxd6 52. Kxf3 Rf6+ 53. Kg3 Kg8 54. c5 Nf4 55.
d6 1-0

[Event "Pan-Am Intercollegiate Championship"]
[Site "Chess.com"]
[Date "2021.01.06"]
[Round "7.3"]
[White "Pao, Lucas"]
[Black "Agrawal, Varun"]
[Result "0-1"]
[WhiteElo "2039"]
[BlackElo "1450"]
[PlyCount "132"]
[EventDate "2021.01.04"]
[EventRounds "9"]

{[%evp 0,132,33,33,74,57,55,53,60,29,33,25,32,21,29,18,20,20,25,23,14,14,14,23,
13,18,29,-10,12,19,21,19,29,29,35,37,32,20,20,23,29,19,47,51,41,22,22,28,25,25,
24,27,25,39,69,40,77,78,71,71,109,71,84,74,76,84,97,96,98,92,95,78,66,79,90,
-85,-95,-113,-92,-89,-90,-184,-174,-177,-183,-145,-161,-301,-288,-312,-314,
-310,-309,-311,-328,-332,-309,-451,-308,-452,-309,-327,-309,-309,-327,-344,
-327,-344,-327,-344,-364,-455,-564,-1012,-1249,-1500,-1066,-1108,-1164,-1249,
-1289,-1500,-1500,-1500,-29980,-29981,-29982,-29989,-29990,-29993,-29986,
-29991,-29992,-29999,-30000]} 1. e4 c6 2. d4 d5 3. exd5 cxd5 4. Bd3 Nc6 5. c3
Nf6 6. Bf4 Bg4 7. Nf3 e6 8. Nbd2 Bd6 9. Bxd6 Qxd6 10. O-O O-O 11. Re1 Rfe8 12.
Qb3 Nd7 13. Qc2 h6 14. h3 Bxf3 15. Nxf3 e5 16. dxe5 Ndxe5 17. Nxe5 Rxe5 18. Qd2
Rae8 19. Rxe5 Nxe5 20. Bb5 Re6 21. Rd1 a6 22. Bf1 Qb6 23. b3 Rd6 24. Qf4 Ng6
25. Qd4 Qxd4 26. Rxd4 Ne7 27. c4 Nf5 28. Rxd5 Rxd5 29. cxd5 Ne7 30. Bc4 Kf8 31.
a4 Ke8 32. Kf1 Kd7 33. d6 Kxd6 34. Bxf7 Kc5 35. Ke2 Nc6 36. Ke3 Kb4 37. Kd2 Nd4
38. f4 Nxb3+ 39. Kc2 Nc5 40. Be8 Nxa4 41. g4 Nc5 42. h4 a5 43. g5 Ne6 44. f5
Nd4+ 45. Kb2 Nxf5 46. gxh6 gxh6 47. h5 b5 48. Bg6 Ng3 49. Ka2 a4 50. Kb2 Kc5
51. Ka3 Ne2 52. Be8 Nd4 53. Bg6 Nc6 54. Be8 Na5 55. Bg6 Nc4+ 56. Ka2 b4 57. Be8
a3 58. Kb3 Nd2+ 59. Ka2 Kd4 60. Bf7 Kc3 61. Bg8 Nc4 62. Ka1 b3 63. Bh7 Ne3 64.
Bb1 Nd5 65. Be4 Nb4 66. Bb1 b2# 0-1

[Event "Pan-Am Intercollegiate Championship"]
[Site "Chess.com"]
[Date "2021.01.06"]
[Round "8.1"]
[White "Sprumont, Oscar"]
[Black "Bellissimo, Joseph"]
[Result "1-0"]
[WhiteElo "2100"]
[BlackElo "2332"]
[PlyCount "129"]
[EventDate "2021.01.04"]
[EventRounds "9"]

{[%evp 0,129,20,15,36,32,24,8,10,15,15,-25,-30,-15,-13,-14,1,1,10,0,18,-34,7,4,
34,32,19,28,65,78,97,74,133,59,148,147,132,147,148,137,100,80,80,87,88,0,0,-23,
-14,1,-4,-11,-14,-33,-17,-102,-113,-117,-68,-94,-161,-211,19,-134,137,155,183,
196,305,306,304,306,306,299,463,371,424,312,372,331,418,325,342,391,424,418,
424,424,425,425,450,359,425,466,514,564,576,404,670,818,810,923,1002,1014,1014,
1024,1135,1016,1099,1174,1214,1299,1322,1622,29862,29982,29981,1015,1022,1022,
1022,1022,1032,1032,29959,29966,29965,29968,29971,29974,29975,29976]} 1. e4 e6
2. d4 d5 3. Bd3 Nf6 4. e5 Nfd7 5. f4 c5 6. c3 Nc6 7. Nf3 Qb6 8. Bc2 Be7 9. O-O
f5 10. exf6 Bxf6 11. dxc5 Qxc5+ 12. Kh1 O-O 13. Re1 Qd6 14. Na3 Nb6 15. Nb5 Qe7
16. Nbd4 Bd7 17. Nxe6 Bxe6 18. f5 Rae8 19. Rxe6 Qd7 20. Rxe8 Rxe8 21. Bf4 Nc4
22. b3 Ne3 23. Qd3 Nxc2 24. Qxc2 Nb4 25. Qd2 Qxf5 26. Rd1 Nxa2 27. Nd4 Qe4 28.
Bg3 Qg4 29. Re1 Rxe1+ 30. Bxe1 Nb4 31. Nb5 Qf5 32. Qe2 Be5 33. cxb4 d4 34. Nxd4
Bxd4 35. Qc4+ Qf7 36. Qxd4 Qxb3 37. Qxa7 Qd5 38. Qc5 Qe4 39. Bc3 h5 40. Qd4
Qb1+ 41. Qg1 Qd3 42. Qe1 Qd5 43. h3 Qf5 44. Kh2 Kh7 45. Qe5 Qf7 46. Qxg7+ Qxg7
47. Bxg7 Kxg7 48. g4 h4 49. Kg2 Kf6 50. Kf3 Ke5 51. Ke3 b5 52. Kf3 Kd4 53. Kf4
Kc4 54. g5 Kxb4 55. g6 Ka3 56. g7 b4 57. g8=Q b3 58. Qxb3+ Kxb3 59. Kg4 Kc4 60.
Kxh4 Kd5 61. Kg5 Ke6 62. Kg6 Ke7 63. Kg7 Ke6 64. h4 Kf5 65. h5 1-0

[Event "Pan-Am Intercollegiate Championship"]
[Site "Chess.com"]
[Date "2021.01.06"]
[Round "8.2"]
[White "Jaferian, Koosha"]
[Black "Whale, Nicholas"]
[Result "0-1"]
[WhiteElo "2159"]
[BlackElo "2065"]
[Annotator "Nicholas Whale"]
[PlyCount "144"]
[EventDate "2021.01.04"]
[EventRounds "9"]

{[%evp 0,144,23,20,18,-11,-15,-7,6,6,1,-4,-5,-4,-4,-1,-1,4,17,18,11,-24,3,-9,
-14,-32,24,12,4,-3,-14,-77,0,12,17,11,5,-9,29,31,31,-4,29,-329,-6,-17,-17,-38,
-34,-21,-1,0,0,0,-8,-6,-12,-8,-4,-21,-21,-30,-26,-29,-39,-36,-26,-25,-24,-26,
-22,-12,-7,-12,0,-36,-43,-41,-42,-41,-45,-48,-1,0,0,-14,5,13,15,19,22,19,21,18,
23,0,0,0,50,16,0,0,132,151,178,142,125,61,142,125,278,52,52,55,55,55,55,0,0,
-119,0,-291,-384,-458,-548,-548,-548,-548,-698,-745,-745,-755,-755,-883,-992,
-1002,-1012,-1497,-1657,-1775,-1359,-1934,-2048,-2378,-1012,-1022,-1022] I was
kind of annoyed to be given my third straight Black, but this ended up being
the most exciting (and stressful) of all.} 1. Nf3 Nf6 2. b3 {A totally new
move for me, so I just decided to play solidly.} d5 3. Bb2 c5 4. e3 e6 5. Be2
Nc6 6. O-O Bd6 7. d4 ({If} 7. c4 {instead I was planning} d4 $1 8. exd4 cxd4 9.
Nxd4 Nxd4 10. Bxd4 Bxh2+ 11. Kxh2 Qxd4 {, when White's king is rather exposed.}
) 7... cxd4 8. Nxd4 O-O 9. c4 Nxd4 10. Bxd4 b6 11. cxd5 Nxd5 12. Bf3 Bc7 ({
I wanted to play} 12... Bb7 {but got concerned about} 13. e4 {with the idea of
e5 and various discoveries, but the tactics seem to work out, i.e.} Nf4 ({
Even better is} 13... Nb4 $1 14. e5 $2 Bxf3 15. Qxf3 Nc2 16. exd6 Nxd4 {
since I can absorb the d6-pawn.} ({Not} 16... Nxa1 $4 17. Qg3 {winning for
White.})) 14. e5 Bc5 $1 15. Bxc5 (15. Bxb7 $4 Bxd4) 15... Qxd1 16. Rxd1 Bxf3
17. gxf3 bxc5 {which peters out to equality.}) 13. Nd2 Ba6 14. Re1 Rc8 15. Nc4
Qg5 $5 (15... b5 $1 16. Ne5 Ba5 {wins an exchange, although White gets decent
compensation for it with his active pieces. This is an idea for the next few
moves as well, but I didn't want to expose my queenside, which could
potentially backfire.}) 16. Rc1 Rfd8 {Trying to make White resolve the tension,
but he holds off.} 17. Qe2 Bd6 18. Qb2 Bc5 (18... Bf8 {is objectively better,
when Stockfish says equal; but it's also rather passive.}) 19. Bxc5 Rxc5 20.
Ne5 Rdc8 {White is just slightly better, but now makes a losing blunder.} 21.
Bxd5 $4 Rxd5 $4 {An automatic move, continuing with the overall strategy of
keeping it simple, stupid. But, as so often happens, the instinctual response
overlooks something much stronger...} (21... Qxe5 $3 {is the almost brilliancy.
} 22. Qxe5 Rxc1 {and remarkably, because of the weak back rank, White has no
way to save either the rook or the bishop, and so loses heavy material.} 23. h3
(23. Rxc1 Rxc1#) (23. Rf1 Rxf1#) 23... Rxe1+ 24. Kh2 exd5 25. Qxd5 Re2 {
is completely winning for me.}) 22. Nf3 Rxc1 23. Rxc1 Qd8 24. h3 Rd1+ 25. Rxd1
Qxd1+ 26. Kh2 Qd6+ 27. Qe5 Qxe5+ 28. Nxe5 {Instead of all that, things quickly
simplified into a very drawish looking endgame, which nonetheless turned out
to be quite exciting.} Bb7 29. g4 $5 {White is still playing for a win,
although with only about a minute left on the clock this is a double-edged
sword...} Kf8 30. g5 Ke7 31. f4 f6 32. Nc4 Bd5 33. Nd2 {Allowing the minor
piece trade on c4 would lead to a winning king and pawn ending for me.} e5 34.
Kg3 exf4+ 35. Kxf4 fxg5+ 36. Kxg5 Kf7 37. e4 $6 (37. h4 {is safer, putting
more pawns on dark squares.}) 37... h6+ $1 38. Kf4 g5+ 39. Kg3 (39. Ke5 $2 Be6
{, winning the suddenly vulnerable h-pawn, is the problem with 37. e4.}) 39...
Be6 40. h4 gxh4+ 41. Kxh4 Kf6 {Thanks to the outside passed pawn I have a
glimmer of hope, but I didn't think it would lead anywhere.} 42. Nf3 Bf7 43.
Kg4 Ke6 44. Kf4 Kf6 45. e5+ Ke6 46. Nd4+ Kd5 47. Nf5 h5 48. Nh4 Kd4 $5 {
Now the really exciting part starts. I was also trying for a win, since a draw
would still lose us the match by half a point. The plan was to give up my
bishop for the e-pawn when necessary in order to take White's queenside pawns,
and try to play that position. But it's not as easy as I thought.} 49. Kf5 Kc3
50. Kf6 Be8 51. e6 Kb2 52. Ke7 {Unfortunately, I now realized that the
bishop's diagonals are too short. What we both failed to grasp, with seconds
left, is that I'm actually in trouble.} Bc6 53. Kd6 (53. Kd8 $1 Bd5 54. e7 Bf7
55. Nf3 $1 {and I would have to find} h4 $1 ({not} 55... Kxa2 $4 {which loses,
as the bishop gets run out of squares after} 56. Ne5) 56. Nxh4 Kxa2 {which
works out to a draw.}) 53... Be8 54. Ke7 Bb5 55. a4 $2 {The only move I
considered, but missing a great winning opportunity.} (55. Kd8 $1 {and if I
play} Kxa2 {, I wind up a move too slow:} 56. e7 Kxb3 57. Nf3 $1 Kc3 58. Ne5 $1
h4 59. Nd7 $1 Bxd7 60. Kxd7 h3 61. e8=Q h2 62. Qh8+) 55... Bc6 56. Kd6 (56. Kd8
{is still a trappy attempt, like at move 53.} Kxb3 57. e7 Bxa4 58. Nf3 $1 {
and again, the only way to draw is} h4 $1) 56... Be8 57. Ke7 Bc6 {I expected
to keep repeating, since a draw would clinch the match for Toronto, but...} 58.
Nf5 $5 {Very risky.} Bd5 $1 (58... Kxb3 $4 59. Nd4+) 59. Nd4 $4 {This is the
losing move.} ({Stockfish still finds a draw with} 59. b4 $1 Kb3 60. a5 Kxb4
61. axb6 axb6 62. Kd7) 59... h4 $1 {Free of its blocker, the pawn can make a
run for the end zone.} 60. Kd6 Bxe6 $1 61. Kxe6 h3 62. Nf3 Kxb3 63. Kd5 Kxa4 {
And now there's just too many passers for the king and knight to deal with on
their own.} 64. Kc4 b5+ 65. Kc3 Ka3 66. Kc2 Ka2 67. Kc3 a5 68. Nh2 b4+ 69. Kc4
b3 70. Nf3 b2 71. Nd2 b1=Q 72. Nxb1 Kxb1 0-1

[Event "Pan-Am Intercollegiate Championship"]
[Site "Chess.com"]
[Date "2021.01.06"]
[Round "9.2"]
[White "Whale, Nicholas"]
[Black "Thangavel, Gokul"]
[Result "1/2-1/2"]
[WhiteElo "2065"]
[BlackElo "2066"]
[Annotator "Nicholas Whale"]
[PlyCount "56"]
[EventDate "2021.01.04"]
[EventRounds "9"]

{[%evp 0,56,15,18,26,26,27,1,-10,6,37,12,16,20,16,19,12,22,21,14,16,2,34,34,34,
26,24,35,35,38,37,21,70,31,28,3,22,-1,44,30,54,14,21,-12,-7,-9,-5,-12,3,0,0,0,
6,-23,6,-11,-4,-11,0]} 1. Nf3 d5 2. d4 Nf6 3. c4 e6 4. Nc3 c5 5. e3 Nc6 6. Bd3
a6 7. cxd5 (7. O-O dxc4 8. Bxc4 cxd4 9. exd4 {leaves me with the isolated
d-pawn, which I decided to avoid.}) 7... exd5 8. O-O Be7 9. h3 O-O 10. a3 {
An innocent looking move, but with a point.} Be6 $6 (10... c4 $1 {is still
equal.}) 11. dxc5 $1 Bxc5 12. b4 Bd6 13. Bb2 Rc8 14. Ne2 $1 {Now I just have a
nice, risk-free position. By this time we were also already winning the bottom
two boards as Iowa's players both fell into traps, so between Oscar and I,
only one total draw was needed.} Qe7 15. Rc1 b5 {Unfortunately about here I
started to make routine moves and lose my advantage.} 16. Ned4 $2 (16. Nf4 $1
Bxf4 17. exf4 {only opens the e-file in my favor, and the doubled pawn is not
really a problem as it could maybe advance to f5.}) 16... Nxd4 17. Bxd4 $6 (17.
Nxd4 {at least allows for more ideas, like if} Ne4 18. Bxe4 dxe4 19. Nc6 $5)
17... Ne4 $1 {Black now comes up with some aggressive, but accurate,
counterplay.} 18. Qe2 f5 19. Ne5 (19. Be5 {might be better, but I liked my
bishop.}) 19... Qh4 $1 20. f4 (20. Qb2 {is another move, but after} f4 {
things get a little too interesting around my king for my liking.}) 20... Qe7 (
{Of course} 20... Ng3 $4 {is a blunder because of} 21. Qf2 {with a nasty pin.})
21. Bxe4 (21. Qb2 {again was probably a better try. Inserting the trade
basically acquiesces to a draw.}) 21... dxe4 22. Qb2 Bxe5 23. Bxe5 {There's
some pressure on g7, but as long as Black doesn't blunder, I can't really
force anything.} Bc4 24. Rfd1 Rfd8 25. Rd4 Rxd4 26. Bxd4 (26. Qxd4 {keeps
things going a little longer.}) 26... Rc6 27. Bc5 Qd7 28. Qe5 Qe6 {My opponent
offered a draw here. While normally I would have probably played on, by this
point I was pretty tired, and couldn't see any way to make progress. Also, a
draw would clinch us the match victory; so I had no good reason to refuse.}
1/2-1/2

[Event "Pan-Am Intercollegiate Championship"]
[Site "Chess.com"]
[Date "2021.01.06"]
[Round "9.4"]
[White "Gurpinar, Nigarhan"]
[Black "Devarakonda, Kireeti"]
[Result "0-1"]
[WhiteElo "452"]
[BlackElo "1625"]
[PlyCount "76"]
[EventDate "2021.01.04"]
[EventRounds "9"]

{[%evp 0,76,20,18,26,-2,37,9,35,13,14,40,64,31,77,9,45,45,149,70,171,-46,-51,
-47,-60,-68,-65,-78,-47,-43,-47,-31,-28,-58,-21,-20,-40,-71,-81,-86,-89,-124,
-105,-91,-79,-148,-161,-165,-169,-172,-172,-216,-220,-228,-132,-139,-108,-165,
-177,-218,51,106,685,712,712,790,1695,1781,2206,29976,29977,373,1261,1216,1216,
489,650,-29999,-30000]} 1. d4 d5 2. c4 c6 3. cxd5 cxd5 4. Nf3 Nc6 5. Nc3 Bg4 6.
Bf4 a6 7. h3 Bh5 8. Qb3 Bxf3 9. exf3 Nxd4 10. Qa4+ Nc6 11. Rd1 e6 12. Bd3 Bb4
13. a3 Bxc3+ 14. bxc3 Qa5 15. Qb3 b5 16. Bd6 Nge7 17. O-O O-O 18. Rc1 Rfc8 19.
Rfd1 Ng6 20. Qb1 Qd8 21. Bg3 Na5 22. h4 Nc4 23. h5 Nf8 24. Bxc4 Rxc4 25. Be5
Nd7 26. Bd4 Nb6 27. Rd3 Na4 28. Re3 Rac8 29. f4 Qa5 30. Rg3 Nxc3 31. Rxg7+ Kf8
32. Qxh7 Ne2+ 33. Kh2 Ke7 34. Rxf7+ Kd6 35. Be5+ Kc6 36. Rxc4+ bxc4 37. Rb7 Qd8
38. Qb1 Qh4# 0-1

[Event "*2021 BC-WA Match (online)"]
[Site "Chess.com"]
[Date "2021.01.17"]
[Round "5.2"]
[White "Levine, Joseph"]
[Black "Le, Quang Long"]
[Result "1-0"]
[WhiteElo "2179"]
[BlackElo "2420"]
[Annotator "Ralph Dubisch"]
[PlyCount "91"]
[EventDate "2021.01.16"]
[EventType "team-swiss"]
[EventRounds "5"]

1. e4 c6 2. d3 d5 3. Nd2 e5 4. Ngf3 Nd7 5. g3 h5 $5 (5... Ngf6 6. Bg2) 6. Bg2
Be7 7. O-O h4 8. Re1 hxg3 9. hxg3 d4 10. c3 c5 11. Nc4 f6 12. cxd4 cxd4 13. Nh4
Nb6 14. Ng6 Rh7 15. Ncxe5 $1 fxe5 16. Qb3 Nf6 17. Nxe5 Qd6 18. Qf7+ Kd8 19. Bf4
Be6 20. Qg6 Nbd7 21. Nf7+ ({Stockfish suggests} 21. Ng4 $1 Nf8 (21... Qb6 22.
Nxf6 Nxf6 23. e5 $18) 22. Qxh7 $1 Qxf4 23. gxf4 N8xh7 24. Ne5 {as an edge for
White.}) 21... Bxf7 22. Qxf7 Ne5 (22... Qb6 $5 23. e5 $1 g5 $1 24. Qg6 gxf4 25.
exf6 Nxf6 26. g4 $1 $13) 23. Qb3 g5 $6 (23... Rb8 24. Bxe5 Qxe5 25. f4 Qh5 26.
e5 Qh2+ 27. Kf1 Qxg3 28. exf6 Qxf4+ 29. Ke2 Qg4+ 30. Kf2 (30. Kd2 $4 Qxg2+ 31.
Kd1 gxf6 $19) 30... Qf4+ 31. Kg1 Qh2+ 32. Kf1 Qf4+) 24. Bxg5 Qb6 $4 (24... Rg7)
25. Bxf6 Qxb3 26. Bxe7+ Kxe7 27. axb3 Nxd3 28. Red1 Nb4 29. Rxd4 Nc2 30. Rc4
Nxa1 31. Rc7+ Kd6 32. Rxh7 Rb8 33. f4 Nxb3 34. e5+ Ke6 35. Rxb7 Rxb7 36. Bxb7
Nc5 37. Bc8+ Kd5 38. Kg2 a5 39. Bf5 Na4 40. b3 Nc5 41. Bc2 Kd4 42. Bd1 Ke3 43.
f5 Kd4 44. e6 Ne4 45. e7 Nf6 46. Bh5 1-0